000 00589nam a2200229Ia 4500
003 OSt
005 20220928144957.0
006 a|||||r|||| 00| 0
007 ta
008 220927b |||||||| |||| 00| 0 eng d
024 _a77722
037 _cTextual
040 _aSDCL
_cSDCL
_beng
041 _2eng
_aeng
082 _aY:5OaX, L5
100 _aDenton Frak T
_9510853
245 0 _aPopulation and the economy.
260 _c1975
700 _a Spencer Byron G
_9510854
942 _hY:5OaX, L5
_cTEXL
_2CC
999 _c831048
_d831048